000 00575nam a2200169Ia 4500
003 IN-BaIIA
008 211028s9999 xx 000 0 eng d
020 _a3-540-64596-9
040 _cIIA Library
080 _a048.1:52
_bAAA-68A
245 0 _aAstronomy and astrophysics abstracts
_bvol. 68A, pt. 2
_cedited by G. Burkhardt
260 _aBerlin
_bSpringer-Verlag
_c1998
300 _ax, 939p
650 _aAstronomy and Astrophysics Abstracts, Abstracts-Astronomy and Astrophysics
_922219
700 _aBurkhardt, G., ed.
942 _cBK
999 _c12686
_d12686